000 00527nam a2200193Ia 4500
003 GCL
008 140319s9999 xx 000 0 eng d
040 _aGCL /
_cGCL
082 0 4 _a005.4469
_bB U
100 1 _aBROWN,LORI
245 1 0 _aUSING WORKPLACE OS\2:THE POWER USER'S GUIDE TO IBM OS\2 VERSION 2.1 /
_cBROWN,LORI
700 1 _aHOWARD, JEFF
260 _a[S.N] :
_bVAN NOSTRAND REINHOLD ،
_c1993
300 _a428 PP
650 0 4 _aCOMPUTER FILE
650 0 4 _aOS\2
650 0 4 _aOPERATING SYSTEMS
942 _2ddc
_cBK
999 _c21901
_d21901